Krainy Geograficzne w Polsce - Statystyki

Ogólne statystyki
  • Ten quiz został rozwiązany 1 530 razy
  • Średni wynik to 9 z 24
Statystyki odpowiedzi
Anwser % Poprawnych
Sudety
82%
Nizina Mazowiecka
70%
Pojezierze Mazurskie
66%
Wyżyna Śląska
65%
Nizina Śląska
64%
Nizina Wielkopolska
62%
Kotlina Sandomierska
61%
Pojezierze Wielkopolskie
57%
Wyżyna Lubelska
57%
Pojezierze Pomorskie
56%
Wyżyna Krakowsko-częstochowska
53%
Nizina Podlaska
52%
Góry Świętokrzyskie
42%
Kotlina Oświęcimska
36%
Roztocze
31%
Nizina Szczecińska
20%
Polesie Lubelskie
20%
Żuławy Wiślane
18%
Niecka Nidziańska
12%
Wyżyna Kielecko-sandomierska
6%
Karpaty Zachodnie
4%
Przedgórze Sudeckie
4%
Pobrzeże Słowińskie
3%
Pogórze Karpackie
3%
Nie znaleziono quizów pasujących do podanych kryteriów
Rozkład punktacji
Procent ludzi z każdym wynikiem
Percentyl według liczby udzielonych odpowiedzi
Twoja historia wyników
Nie rozwiązałeś tego quizu